| 000 | 00684nam a2200229 a 4500 | ||
|---|---|---|---|
| 999 |
_c2074 _d2074 |
||
| 001 | 2074 | ||
| 003 | BD-JhCC | ||
| 005 | 20180118162601.0 | ||
| 008 | 171029s2001 bg ||||| |||| 00| 0 ben d | ||
| 020 | _a9844590582 | ||
| 035 | _a(BD-JhCC)2074 | ||
| 040 |
_aBD-JhCC _dBD-JhCC |
||
| 041 | _aben | ||
| 082 |
_222 _a297.65 _bHAS 2001 |
||
| 100 | _aহাসান, মাহমুদুল, সৈয়দ | ||
| 245 |
_aবাংলাদেশের মসজিদ / _cসৈয়দ মাহমুদুল হাসান |
||
| 260 |
_aঢাকা : _bসুবণ, _c2001 |
||
| 300 |
_a76 p. : _c26cm. |
||
| 650 |
_aMosque _zBangladesh |
||
| 942 |
_2ddc _cBK |
||